| Tag |
First Indicator |
Second Indicator |
Subfields |
| LEADER |
00000cam a2200000 i 4500 |
| 001 |
in00000060222 |
| 005 |
20151008051613.0 |
| 008 |
750812r1974 enk b 00110 eng |
| 010 |
|
|
|a 75320955
|
| 015 |
|
|
|a GB***
|
| 020 |
|
|
|a 0416816304 :
|c 0.95
|
| 035 |
|
|
|a (OCoLC)01602742
|
| 035 |
|
|
|9 AAG8917AM
|
| 040 |
|
|
|a DLC
|c DLC
|d TXA
|d UtOrBLW
|
| 043 |
|
|
|a e-fr---
|
| 049 |
|
|
|a TXAM
|c [980927]
|
| 050 |
0 |
0 |
|a DC33
|b .P67
|
| 082 |
0 |
|
|a 944
|
| 100 |
1 |
|
|a Potts, Denys C.
|q (Denys Campion)
|
| 245 |
1 |
0 |
|a French thought since 1600 /
|c D. C. Potts and D. G. Charlton.
|
| 250 |
|
|
|a Rev. and reprinted from France : a companion to French studies /
|b edited by D. G. Charlton.
|
| 264 |
|
1 |
|a London :
|b Methuen ;
|c 1974.
|
| 264 |
|
2 |
|a [New York] :
|b Distributed by Harper & Row,
|
| 300 |
|
|
|a viii, 96 pages ;
|c 22 cm.
|
| 336 |
|
|
|a text
|b txt
|2 rdacontent
|
| 337 |
|
|
|a unmediated
|b n
|2 rdamedia
|
| 338 |
|
|
|a volume
|b nc
|2 rdacarrier
|
| 490 |
0 |
|
|a University paperbacks ; UP546
|
| 504 |
|
|
|a Includes bibliographies and index.
|
| 650 |
|
0 |
|a Philosophy, French.
|
| 651 |
|
0 |
|a France
|x Civilization.
|
| 700 |
1 |
|
|a Charlton, D. G.
|q (Donald Geoffrey)
|
| 700 |
1 |
|
|a Charlton, D. G.
|q (Donald Geoffrey).
|t France: a companion to French studies.
|
| 740 |
0 |
|
|a France: A companion to French studies.
|
| 999 |
|
|
|a MARS
|
| 999 |
f |
f |
|s 62f0c24b-26f4-3162-a0c4-2063f44e77ad
|i 0a5e8c9c-789a-33de-a1da-ddc6463ca549
|t 0
|
| 952 |
f |
f |
|p ric
|a Texas A&M University
|b Rellis Campus
|c Joint Library Facility
|d Remote Storage
|t 0
|e DC33 .P67
|h Library of Congress classification
|i unmediated -- volume
|m A14801953669
|
| 998 |
f |
f |
|a DC33 .P67
|t 0
|l Remote Storage
|